| 000 | 00798cam a2200265 a 4500 | ||
|---|---|---|---|
| 999 |
_c4256 _d4256 |
||
| 003 | GBCCL | ||
| 005 | 20241126110514.0 | ||
| 008 | 180117b xxu||||| |||| 00| 0 eng d | ||
| 020 | _a0851105947 | ||
| 035 | _a(OCoLC)ocm13669017 | ||
| 040 |
_aUKM _cUKM _dEXN _dOCL |
||
| 049 |
_aLBBK _aLBBT _aLBBA |
||
| 050 | 1 | _aBS2595.3 | |
| 082 | 0 |
_a226.406 _219 _bWIL |
|
| 090 |
_aBS2595.3 _b.W5 |
||
| 100 | 1 |
_aWilcock, Michael. _92923 |
|
| 240 | 1 | 4 | _aThe saviour of the world |
| 245 | 1 | 4 |
_aThe message of Luke's Gospel : _bthe saviour of the world / _cMichael Wilcock. |
| 260 |
_aLeicester : _bInter-Varsity _cc1979. |
||
| 300 |
_a215 p. ; _c21 cm. |
||
| 440 | 0 |
_aBible speaks today _93078 |
|
| 500 | _aOriginally published: 1979. | ||
| 630 | 0 | 0 |
_aBible. _pN.T. _pLuke _vCommentaries. _94650 |
| 942 |
_2ddc _cBK _05 |
||